Largest Islands of the World Quiz Stats

 Plays Quiz Updated Apr 14, 2016

Challenge
Share
Tweet
Score 0/20 Timer 07:00
2 Plays Today
% Correct
1) Greenland
99.3%
4) Madagascar
94.1%
9) Great Britain
84.5%
2) New Guinea
79%
17) Cuba
73.5%
20) √Čire
73.2%
18) Iceland
69.6%
3) Borneo
63.3%
12) South Island
60%
14) North Island
59.8%
% Correct
7) Honshu
59.6%
13) Java
55%
6) Sumatra
53.3%
5) Baffin Island
51.5%
16) Newfoundland
50.4%
15) Luzon
34.6%
11) Sulawesi
28.4%
10) Ellesmere Island
22.8%
8) Victoria Island
21.4%
19) Mindanao
21.3%

You're not logged in!

Compare scores with friends on all Sporcle quizzes.
Join for Free
OR
Log In

You Might Also Like...

Show Comments

Extras

Top Quizzes Today


Score Distribution

Your Account Isn't Verified!

In order to create a playlist on Sporcle, you need to verify the email address you used during registration. Go to your Sporcle Settings to finish the process.

Report this User

Report this user for behavior that violates our Community Guidelines.

Details: